| 000 | 01346nam a2200265Ia 4500 | ||
|---|---|---|---|
| 999 |
_c54889 _d54889 |
||
| 001 | 21958 | ||
| 003 | GE_BSU | ||
| 005 | 20220913123803.0 | ||
| 008 | 181216s ||||ge |||||||||||||| ||geo|| | ||
| 040 | _cGE_BSU | ||
| 041 | _ageo | ||
| 080 | _a821.111.092 ა-64 | ||
| 100 |
_aანდრონიკაშვილი, ნ. (ნელი) _914587 |
||
| 245 |
_aრობერტ სტივენსონის ქართველოლოგიური ძიებანი / _cნ.(ნელი) ანდრონიკაშვილი ; რედ. დ. ლაშქარაძე. |
||
| 264 |
_aთბილისი : _bმეცნიერება, _c198.8 |
||
| 300 |
_a83 გვ. ; _c22 სმ. |
||
| 541 | _h4ლ. | ||
| 653 | _aლიტერატურა | ||
| 653 | _aრობერტ სტივენსონის ქართველოლოგიური ძიებანი | ||
| 653 | _aსტივენსონი, რობერტ | ||
| 653 | _aინგლისელი მწერლები | ||
| 700 |
_aლაშქარაძე, დ. _eრედაქტორი _914588 |
||
| 710 |
_aშოთა რუსთაველის სახელობის ქართული ლიტერატურის ინსტიტუტიი. _914589 |
||
| 942 |
_cBK _2udc |
||